UM Logo

Thermal mitigation and optimization via multitier bond wire layout for IGBT modules considering multicellular electro-thermal effect / (Record no. 19495)

MARC details
000 -LEADER
fixed length control field 01169nam a22002657a 4500
003 - CONTROL NUMBER IDENTIFIER
control field OSt
005 - DATE AND TIME OF LATEST TRANSACTION
control field 20250923093606.0
008 - FIXED-LENGTH DATA ELEMENTS--GENERAL INFORMATION
fixed length control field 240301b ||||| |||| 00| 0 eng d
040 ## - CATALOGING SOURCE
Transcribing agency 0
082 ## - DEWEY DECIMAL CLASSIFICATION NUMBER
Classification number DPer 621.317 Ie21 June 2022 v. 37 n. 6
100 ## - MAIN ENTRY--PERSONAL NAME
Personal name Chen, Yu.
Relator term author.
9 (RLIN) 53861
245 ## - TITLE STATEMENT
Title Thermal mitigation and optimization via multitier bond wire layout for IGBT modules considering multicellular electro-thermal effect /
Statement of responsibility, etc. Yu Chen, Qiang Wu, Chengmin Li, Haoze Luo, Yuanye Xia, Qinqin Yin, Wuhua Li, and Xiangning He.
260 ## - PUBLICATION, DISTRIBUTION, ETC. (IMPRINT)
Place of publication, distribution, etc. New York ;
Name of publisher, distributor, etc. The Institute of Electrical and Electronics Engineers, Inc. ,
Date of publication, distribution, etc. June 2022.
300 ## - PHYSICAL DESCRIPTION
Extent Volume 37, pages 7299-7314 :
Other physical details illustration ;
Dimensions 29 cm.
500 ## - GENERAL NOTE
General note IEEE Transactions on Power Electronics, vol. 37, no. 6, pages 7299-7314, June 2022.
700 ## - ADDED ENTRY--PERSONAL NAME
Personal name Chen, Yu.
Relator term author.
9 (RLIN) 53861
700 ## - ADDED ENTRY--PERSONAL NAME
Personal name Wu, Qiang.
Relator term author.
9 (RLIN) 53862
700 ## - ADDED ENTRY--PERSONAL NAME
Personal name Li, Chengmin.
Relator term author.
9 (RLIN) 53863
700 ## - ADDED ENTRY--PERSONAL NAME
Personal name Luo, Haoze.
Relator term author.
9 (RLIN) 53864
700 ## - ADDED ENTRY--PERSONAL NAME
Personal name Xia, Yuanye.
Relator term author.
9 (RLIN) 53865
700 ## - ADDED ENTRY--PERSONAL NAME
Personal name Yin, Qinqin.
Relator term author.
9 (RLIN) 53866
700 ## - ADDED ENTRY--PERSONAL NAME
Personal name Li, Wuhua.
Relator term author.
9 (RLIN) 53867
700 ## - ADDED ENTRY--PERSONAL NAME
Personal name He, Xiangning.
Relator term author.
9 (RLIN) 53868
942 ## - ADDED ENTRY ELEMENTS (KOHA)
Source of classification or shelving scheme Dewey Decimal Classification
Koha item type Periodicals
Holdings
Withdrawn status Lost status Source of classification or shelving scheme Damaged status Not for loan Collection code Home library Current library Date acquired Total Checkouts Full call number Date last seen Price effective from Koha item type Public note
    Dewey Decimal Classification     Periodicals UM Digos College - LIC UM Digos College - LIC 03/01/2024   DPer 621.317 Ie21 June 2022 v.37 n. 6 03/01/2024 03/01/2024 Periodicals Periodical Article